Welcome to the Holygrace Academy Library

Please use search bar below to get started

EEYORE HAS ENOUGH (Record no. 2657)

MARC details
000 -LEADER
fixed length control field 00266nam a22001097a 4500
082 ## - DEWEY DECIMAL CLASSIFICATION NUMBER
Classification number 823
Item number RAZ/E
100 ## - MAIN ENTRY--AUTHOR NAME
Personal name RAZZ, GENE
245 ## - TITLE STATEMENT
Title EEYORE HAS ENOUGH
Remainder of title MY VERY FIRST WINNIE THE POOH
260 ## - PUBLICATION, DISTRIBUTION, ETC. (IMPRINT)
Place of publication NEW YORK
Name of publisher GROLIER
650 ## - SUBJECT ADDED ENTRY--TOPICAL TERM
Topical Term ENGLISH STORY
Geographic subdivision NEW YORK
942 ## - ADDED ENTRY ELEMENTS (KOHA)
Koha item type Books
Holdings
Withdrawn status Lost status Collection code Home library Current library Shelving location Date acquired Source of acquisition Cost, normal purchase price Full call number Accession Number Koha item type
    Fiction Main Library Main Library SHELF 3- D- ENGLISH CHILDRENS LITERATURE &MYTHOLOGY 31/01/2019 PURCHASE 60.00 823 RAZ/E 10920 Books